[Event "Ch-Paris Int"]
[Site "Coubertin FRA"]
[Date "2009.07.09"]
[Round "6"]
[White "Shchekachev, A."]
[Black "Karavade, E."]
[Result "1-0"]
[WhiteElo "2530"]
[BlackElo "2386"]
[PlyCount "105"]
[EventDate "2009.07.04"]
[EventType "swiss"]
[EventRounds "9"]
[EventCountry "FRA"]
[Source "Mark Crowther"]
[SourceDate "2009.07.13"]

1. Nf3 Nf6 2. c4 c5 3. Nc3 d5 4. cxd5 Nxd5 5. e4 Nxc3 6. dxc3 Qxd1+ 7. Kxd1 Nc6
8. Be3 e6 9. Kc2 Bd7 10. Be2 Be7 11. Rhd1 O-O-O 12. a4 f6 13. a5 Kc7 14. Nd2 g5
15. Nc4 Be8 16. Rxd8 Kxd8 17. a6 Kc7 18. axb7 Bg6 19. f3 f5 20. exf5 Bxf5+ 21.
Kc1 Kxb7 22. Na5+ Nxa5 23. Rxa5 Bd6 24. g4 Bg6 25. Bxg5 Bxh2 26. Rxc5 h5 27.
Bf6 Bf4+ 28. Kd1 Rf8 29. gxh5 Rxf6 30. hxg6 Rxg6 31. Kc2 e5 32. Bd3 Rd6 33. b4
Kb6 34. Ra5 Kb7 35. Be4+ Kb8 36. Kb3 Rb6 37. Rc5 Rd6 38. Rb5+ Rb6 39. Rd5 Kc7
40. c4 Re6 41. Ra5 Be3 42. c5 a6 43. Kc4 Bd4 44. Ra2 Rf6 45. Rh2 Kb8 46. Rh8+
Kc7 47. Rh7+ Kc8 48. Bb7+ Kb8 49. Bd5 Kc8 50. Be4 Kb8 51. Kd5 Bc3 52. c6 Kc8
53. Bd3 1-0

[Event "Ch-Paris Int"]
[Site "Coubertin FRA"]
[Date "2009.07.10"]
[Round "7"]
[White "Rathnakaran, K."]
[Black "Brochet, P."]
[Result "1-0"]
[WhiteElo "2428"]
[BlackElo "2373"]
[PlyCount "85"]
[EventDate "2009.07.04"]
[EventType "swiss"]
[EventRounds "9"]
[EventCountry "FRA"]
[Source "Mark Crowther"]
[SourceDate "2009.07.13"]

1. e4 c6 2. d3 d5 3. Nd2 g6 4. g3 Bg7 5. Bg2 e5 6. Qe2 Ne7 7. f4 exf4 8. gxf4
Qc7 9. Qf2 Nd7 10. Ne2 b6 11. a4 Bb7 12. a5 c5 13. axb6 axb6 14. Rxa8+ Bxa8 15.
O-O O-O 16. Qh4 dxe4 17. dxe4 f5 18. Qxe7 Qc6 19. Qg5 Qa4 20. e5 Qxc2 21. Bxa8
Rxa8 22. Qg2 Qa4 23. Qd5+ Kh8 24. Nf3 Nf8 25. Nc3 Qe8 26. Rd1 Ne6 27. Qd7 Qxd7
28. Rxd7 Ra1 29. Ne2 Bf8 30. Kf2 c4 31. Be3 Nc5 32. Bxc5 Bxc5+ 33. Kg3 Ra2 34.
Nc3 Rxb2 35. Nd5 Kg8 36. e6 Kf8 37. Ng5 Rb3+ 38. Kg2 Rb2+ 39. Kf3 Rxh2 40.
Nxh7+ Kg8 41. Nhf6+ Kh8 42. Rd8+ Kg7 43. Rg8+ 1-0

[Event "Ch-Paris Int"]
[Site "Coubertin FRA"]
[Date "2009.07.10"]
[Round "7"]
[White "Payen, Ar"]
[Black "Li, F."]
[Result "1/2-1/2"]
[WhiteElo "2368"]
[BlackElo "2252"]
[PlyCount "35"]
[EventDate "2009.07.04"]
[EventType "swiss"]
[EventRounds "9"]
[EventCountry "FRA"]
[Source "Mark Crowther"]
[SourceDate "2009.07.13"]

1. d4 Nf6 2. Nf3 g6 3. Bf4 Bg7 4. e3 O-O 5. Be2 d6 6. O-O Nfd7 7. Nc3 e5 8. Bg3
Nc6 9. a4 h6 10. dxe5 Ndxe5 11. Nxe5 Nxe5 12. e4 Be6 13. Nd5 f5 14. Nf4 Bc8 15.
exf5 Rxf5 16. Qd5+ Kh7 17. Qb3 Qf6 18. Nd3 1/2-1/2

[Event "Ch-Paris Int"]
[Site "Coubertin FRA"]
[Date "2009.07.10"]
[Round "7"]
[White "David, Alb"]
[Black "Shchekachev, A."]
[Result "0-1"]
[WhiteElo "2565"]
[BlackElo "2530"]
[PlyCount "78"]
[EventDate "2009.07.04"]
[EventType "swiss"]
[EventRounds "9"]
[EventCountry "FRA"]
[Source "Mark Crowther"]
[SourceDate "2009.07.13"]

1. e4 c5 2. Nf3 e6 3. d4 cxd4 4. Nxd4 a6 5. Nc3 b5 6. Bd3 Bb7 7. O-O Nc6 8.
Nxc6 Bxc6 9. Qe2 Bc5 10. e5 f5 11. Qh5+ g6 12. Qh3 h5 13. Be3 Bxe3 14. Qxe3 Nh6
15. a4 b4 16. Ne2 Ng4 17. Qd4 Qa5 18. f4 Qd5 19. Qxd5 Bxd5 20. c4 Bb7 21. Nd4
g5 22. Rae1 gxf4 23. Rxf4 Rc8 24. h3 Nh6 25. Kh2 Nf7 26. Nb3 Ke7 27. c5 Rhg8
28. Re2 Nxe5 29. Bxf5 Rcf8 30. g4 Nc6 31. Kg3 h4+ 32. Kxh4 Kd8 33. Bh7 Rxf4 34.
Bxg8 Rf3 35. Rd2 Ke7 36. Nd4 Rf8 37. Bxe6 dxe6 38. Nxc6+ Bxc6 39. Rd6 Rc8 0-1

[Event "Ch-Paris Int"]
[Site "Coubertin FRA"]
[Date "2009.07.10"]
[Round "7"]
[White "Vernay, C."]
[Black "Sriram, J."]
[Result "1/2-1/2"]
[WhiteElo "2463"]
[BlackElo "2459"]
[PlyCount "60"]
[EventDate "2009.07.04"]
[EventType "swiss"]
[EventRounds "9"]
[EventCountry "FRA"]
[Source "Mark Crowther"]
[SourceDate "2009.07.13"]

1. d4 d5 2. c4 c6 3. e3 Nf6 4. Nf3 e6 5. Nbd2 c5 6. dxc5 Bxc5 7. a3 O-O 8. Qc2
Nc6 9. cxd5 Qxd5 10. Bc4 Qh5 11. b4 Bd6 12. Bb2 e5 13. Be2 Bf5 14. e4 Bg4 15.
h3 Rac8 16. Qb1 a6 17. Nc4 Bb8 18. Ne3 Bxf3 19. Bxf3 Qg6 20. Nf5 Rfe8 21. O-O
Nd7 22. Rd1 Nf8 23. Bg4 Ne6 24. Nd6 Bxd6 25. Rxd6 Rcd8 26. Rxd8 Rxd8 27. Bxe6
Qxe6 28. Qc2 h6 29. Rc1 Qf6 30. Rd1 Rxd1+ 1/2-1/2

[Event "Ch-Paris Int"]
[Site "Coubertin FRA"]
[Date "2009.07.10"]
[Round "7"]
[White "Fedorchuk, S."]
[Black "Negi, P."]
[Result "1-0"]
[WhiteElo "2655"]
[BlackElo "2590"]
[PlyCount "85"]
[EventDate "2009.07.04"]
[EventType "swiss"]
[EventRounds "9"]
[EventCountry "FRA"]
[Source "Mark Crowther"]
[SourceDate "2009.07.13"]

1. e4 c5 2. Nf3 d6 3. d4 cxd4 4. Nxd4 Nf6 5. Nc3 a6 6. h3 e6 7. g4 Be7 8. Bg2
Nfd7 9. g5 Nc6 10. h4 Qb6 11. Nb3 Qc7 12. f4 b5 13. Be3 Nb6 14. Qe2 Nc4 15.
O-O-O Bd7 16. Kb1 Nxe3 17. Qxe3 O-O 18. h5 Rac8 19. g6 h6 20. gxf7+ Rxf7 21.
Bh3 b4 22. Ne2 a5 23. Qd2 a4 24. Nc5 b3 25. cxb3 axb3 26. axb3 Nd8 27. Nxd7
Qxd7 28. Rhg1 Qb7 29. Qe3 Ra8 30. Rg6 Qc8 31. Nc3 Bf6 32. Rxd6 Bxc3 33. Qxc3
Rc7 34. Rc6 Ra1+ 35. Kxa1 Qa8+ 36. Kb1 Qxc6 37. Qxc6 Rxc6 38. Bf1 Rd6 39. Kc2
Nc6 40. Kc3 Kf8 41. Bc4 Nd4 42. b4 Rd7 43. b5 1-0

[Event "Ch-Paris Int"]
[Site "Coubertin FRA"]
[Date "2009.07.10"]
[Round "7"]
[White "Tugui, A."]
[Black "Suarez Pousa, D."]
[Result "0-1"]
[WhiteElo "2364"]
[BlackElo "2412"]
[PlyCount "115"]
[EventDate "2009.07.04"]
[EventType "swiss"]
[EventRounds "9"]
[EventCountry "FRA"]
[Source "Mark Crowther"]
[SourceDate "2009.07.13"]

1. d4 Nf6 2. c4 e6 3. Nf3 Bb4+ 4. Bd2 Qe7 5. g3 Nc6 6. Nc3 Bxc3 7. Bxc3 Ne4 8.
Qc2 Nxc3 9. Qxc3 O-O 10. Bg2 d6 11. d5 Nb8 12. dxe6 fxe6 13. O-O e5 14. c5 Nc6
15. cxd6 cxd6 16. Rfd1 Be6 17. Qe3 Kh8 18. Rd2 Bg8 19. Qa3 e4 20. Ne1 Qf6 21.
f4 d5 22. Nc2 b6 23. Rad1 Rac8 24. b4 a5 25. b5 Na7 26. Nd4 Rc4 27. e3 Rfc8 28.
Rb2 Bf7 29. Bf1 R4c5 30. Be2 R8c7 31. Rbb1 Qe7 32. Kf2 Qd8 33. Ke1 Qc8 34. g4
Qd8 35. g5 Nc8 36. Rdc1 Nd6 37. Nc6 Rxc1+ 38. Rxc1 Qf8 39. Ne5 Rxc1+ 40. Qxc1
Bg8 41. Qc3 Nc4 42. Bxc4 dxc4 43. Kd2 Qd6+ 44. Kc2 a4 45. Nc6 Qd3+ 46. Kb2 a3+
47. Qxa3 Qd2+ 48. Kb1 c3 49. Nb4 Qxe3 50. Qc1 Qc5 51. a3 e3 52. Qf1 Bc4 53. Qe1
e2 54. Kc2 Bxb5 55. Nd3 Bxd3+ 56. Kxd3 c2 57. Qc1 Qb5+ 58. Kd4 0-1

[Event "Ch-Paris Int"]
[Site "Coubertin FRA"]
[Date "2009.07.10"]
[Round "7"]
[White "Roser, K."]
[Black "Shirazi, K."]
[Result "0-1"]
[WhiteElo "2431"]
[BlackElo "2384"]
[PlyCount "131"]
[EventDate "2009.07.04"]
[EventType "swiss"]
[EventRounds "9"]
[EventCountry "FRA"]
[Source "Mark Crowther"]
[SourceDate "2009.07.13"]

1. e4 c5 2. Nf3 e6 3. d4 cxd4 4. Nxd4 Nf6 5. Nc3 Bb4 6. e5 Nd5 7. Bd2 Bxc3 8.
bxc3 d6 9. Qg4 O-O 10. Bh6 g6 11. Bxf8 Qxf8 12. Qg3 dxe5 13. Qxe5 Nd7 14. Qg3
Qa3 15. Bc4 N5b6 16. Bb3 a5 17. Nb5 Qc5 18. a4 Ne5 19. O-O Bd7 20. Rfe1 Nec4
21. Nd4 Rc8 22. Nf3 Bc6 23. Ne5 Nxe5 24. Qxe5 Bd5 25. Re3 Nc4 26. Bxc4 Qxc4 27.
h3 Qc6 28. Qg5 h6 29. Qg3 Qd7 30. Rd3 h5 31. Qe3 Qc6 32. f3 Qc7 33. Rb1 Qc4 34.
Ra1 Kh7 35. Ra3 Qh4 36. Rd4 Qf6 37. Ra1 Qd8 38. Rb1 Qc7 39. Rd3 Qc4 40. Ra1 Kg8
41. Ra3 Qc7 42. Qd4 Qg3 43. Qf2 Qd6 44. Rb3 Qe7 45. Rb1 Rc4 46. Ra1 Qc7 47. Qe3
Qc6 48. Qe5 Kh7 49. Qf6 Qc7 50. Re1 Rf4 51. Qg5 f6 52. Qg3 Qc5+ 53. Qf2 Qxf2+
54. Kxf2 Rxa4 55. Rb1 Ra2 56. Rd2 Kh6 57. c4 Bc6 58. Ke3 Kg5 59. g3 e5 60. h4+
Kf5 61. Rf2 Ke6 62. Kd3 Ra3+ 63. c3 f5 64. f4 Be4+ 65. Ke3 Bc6 66. g4 0-1

[Event "Ch-Paris Int"]
[Site "Coubertin FRA"]
[Date "2009.07.10"]
[Round "7"]
[White "Kazhgaleyev, M."]
[Black "Zherebukh, Y."]
[Result "1-0"]
[WhiteElo "2639"]
[BlackElo "2541"]
[PlyCount "95"]
[EventDate "2009.07.04"]
[EventType "swiss"]
[EventRounds "9"]
[EventCountry "FRA"]
[Source "Mark Crowther"]
[SourceDate "2009.07.13"]

1. e4 e5 2. Nf3 Nc6 3. Bb5 a6 4. Ba4 Nf6 5. O-O b5 6. Bb3 Bb7 7. d3 Be7 8. Nc3
O-O 9. Bd2 h6 10. h3 Re8 11. Re1 Bc5 12. Ne2 d5 13. exd5 Nxd5 14. Ng3 Qd7 15.
c3 Bf8 16. Nh4 Nf4 17. Ngf5 Qd8 18. Bxf4 exf4 19. Rxe8 Qxe8 20. Qh5 Nd8 21. Kf1
Ne6 22. Re1 Qd7 23. d4 Re8 24. Qg4 g5 25. Ng6 fxg6 26. Rxe6 Kh8 27. Rxg6 Be4
28. Rf6 Bg7 29. Nxg7 Qxg4 30. hxg4 Bd3+ 31. Kg1 Re1+ 32. Kh2 Kxg7 33. Rf7+ Kg6
34. Rxc7 Re2 35. Kg1 Re1+ 36. Kh2 Re2 37. Rc6+ Kg7 38. Rxa6 Rxf2 39. Ra7+ Kg6
40. Bd5 h5 41. Ra6+ Kg7 42. gxh5 g4 43. h6+ Kh7 44. Rf6 f3 45. Kg3 Rxg2+ 46.
Kh4 Rh2+ 47. Kg5 Bc4 48. Bxc4 1-0

[Event "Ch-Paris Int"]
[Site "Coubertin FRA"]
[Date "2009.07.10"]
[Round "7"]
[White "Alsina Leal, D."]
[Black "Deepan, C."]
[Result "1-0"]
[WhiteElo "2529"]
[BlackElo "2506"]
[PlyCount "61"]
[EventDate "2009.07.04"]
[EventType "swiss"]
[EventRounds "9"]
[EventCountry "FRA"]
[Source "Mark Crowther"]
[SourceDate "2009.07.13"]

1. e4 c5 2. Nf3 e6 3. d4 cxd4 4. Nxd4 a6 5. c4 Nf6 6. Nc3 Qc7 7. a3 b6 8. Be2
Bb7 9. f3 d6 10. Be3 Be7 11. O-O Nbd7 12. Rc1 Rc8 13. b4 O-O 14. Qd2 Qb8 15.
Kh1 Rfe8 16. Na4 d5 17. cxd5 Rxc1 18. Rxc1 exd5 19. e5 Nxe5 20. Nxb6 Bd6 21.
Nf5 Bc7 22. Nxg7 Kxg7 23. Bh6+ Kh8 24. Qg5 Nh5 25. Qxh5 Re6 26. f4 Ng6 27. Nd7
Qe8 28. Nf6 Rxf6 29. Rxc7 Re6 30. Rxb7 Qc8 31. f5 1-0

[Event "Ch-Paris Int"]
[Site "Coubertin FRA"]
[Date "2009.07.10"]
[Round "7"]
[White "Akshayraj, K."]
[Black "Strugnell, C."]
[Result "1-0"]
[WhiteElo "2411"]
[BlackElo "2280"]
[PlyCount "83"]
[EventDate "2009.07.04"]
[EventType "swiss"]
[EventRounds "9"]
[EventCountry "FRA"]
[Source "Mark Crowther"]
[SourceDate "2009.07.13"]

1. e4 c5 2. g3 g6 3. Bg2 Bg7 4. d3 Nc6 5. f4 d6 6. Nf3 e6 7. O-O Nge7 8. Nbd2
O-O 9. Qe2 Rb8 10. e5 dxe5 11. fxe5 b6 12. c3 Ba6 13. Nc4 b5 14. Nd6 b4 15. Bf4
h6 16. c4 Nf5 17. Nxf5 exf5 18. e6 Rb7 19. Be3 Re7 20. exf7+ Rfxf7 21. Qd2 Nd4
22. Rae1 Bb7 23. Kh1 Kh7 24. Nxd4 Bxg2+ 25. Kxg2 Bxd4 26. Bxh6 Qa8+ 27. Kh3
Bxb2 28. Rxe7 Rxe7 29. Qxb2 Kxh6 30. Rxf5 Qc8 31. g4 Re3+ 32. Kh4 g5+ 33. Rxg5
Qf8 34. Rf5 Qe7+ 35. Qf6+ Qxf6+ 36. Rxf6+ Kg7 37. Ra6 Rxd3 38. Rxa7+ Kg6 39.
Ra5 Rd2 40. h3 Rc2 41. Rxc5 Rxa2 42. Rb5 1-0

[Event "Ch-Paris Int"]
[Site "Coubertin FRA"]
[Date "2009.07.10"]
[Round "7"]
[White "Govciyan, P."]
[Black "Sochacki, C."]
[Result "1-0"]
[WhiteElo "2438"]
[BlackElo "2274"]
[PlyCount "79"]
[EventDate "2009.07.04"]
[EventType "swiss"]
[EventRounds "9"]
[EventCountry "FRA"]
[Source "Mark Crowther"]
[SourceDate "2009.07.13"]

1. c4 Nf6 2. Nc3 e5 3. Nf3 Nc6 4. g3 Bb4 5. Bg2 O-O 6. O-O Bxc3 7. bxc3 d6 8.
Rb1 h6 9. d3 Rb8 10. e4 Be6 11. Nd2 Qd7 12. f4 exf4 13. gxf4 Bh3 14. f5 Bxg2
15. Kxg2 Rfe8 16. Rf3 Ne5 17. Rg3 Qc6 18. Nf3 Kh7 19. Nd4 Qa6 20. Rb2 c6 21.
Kh1 Nxd3 22. Qxd3 Rxe4 23. Rg1 Rg8 24. Rbg2 Rh4 25. Be3 d5 26. Bf2 Rh5 27. Qe3
Ne4 28. Qf3 Nf6 29. Qe2 Qa3 30. cxd5 cxd5 31. Qf3 a6 32. Bg3 Rh3 33. Ne2 Ne4
34. Qg4 Ng5 35. Bf4 Qa4 36. Nd4 Rxc3 37. Bxg5 Rd3 38. Bf6 g6 39. fxg6+ fxg6 40.
Qe2 1-0

[Event "Ch-Paris Int"]
[Site "Coubertin FRA"]
[Date "2009.07.10"]
[Round "7"]
[White "Aranovitch, E."]
[Black "Gomes, Mary"]
[Result "1-0"]
[WhiteElo "2356"]
[BlackElo "2332"]
[PlyCount "97"]
[EventDate "2009.07.04"]
[EventType "swiss"]
[EventRounds "9"]
[EventCountry "FRA"]
[Source "Mark Crowther"]
[SourceDate "2009.07.13"]

1. e4 e6 2. d4 d5 3. Nc3 Nf6 4. Bg5 dxe4 5. Nxe4 Be7 6. Bxf6 gxf6 7. Nf3 f5 8.
Ned2 a6 9. Bd3 b6 10. Qe2 Bb7 11. O-O-O Nc6 12. c3 Qd5 13. Kb1 b5 14. Rhe1
O-O-O 15. Ka1 Rhg8 16. g3 Kb8 17. Rc1 Na5 18. Bc2 Bf8 19. Rcd1 Bg7 20. Ne5 f6
21. Nd3 Rge8 22. Qh5 Bf8 23. Qxh7 b4 24. Nxb4 Bxb4 25. cxb4 Nc6 26. Bb3 Qxd4
27. Ne4 Qxb4 28. Nxf6 Nd4 29. Qh4 Nxb3+ 30. axb3 Qxb3 31. Rxd8+ Rxd8 32. Qf4
Qb6 33. Qe3 Rd4 34. Kb1 a5 35. Qxe6 Qb4 36. Qe8+ Ka7 37. Qe3 c5 38. Rc1 Qb6 39.
Qe5 c4 40. Ka1 Rd6 41. Nh5 Be4 42. Nf4 Ka6 43. Qc3 Rc6 44. f3 Qf2 45. fxe4 fxe4
46. Qc2 Qf3 47. Qe2 Qb3 48. Qxe4 Qb5 49. Ne2 1-0

[Event "Ch-Paris Int"]
[Site "Coubertin FRA"]
[Date "2009.07.11"]
[Round "8"]
[White "Negi, P."]
[Black "Rathnakaran, K."]
[Result "1-0"]
[WhiteElo "2590"]
[BlackElo "2428"]
[PlyCount "73"]
[EventDate "2009.07.04"]
[EventType "swiss"]
[EventRounds "9"]
[EventCountry "FRA"]
[Source "Mark Crowther"]
[SourceDate "2009.07.13"]

1. e4 e6 2. d4 d5 3. Nc3 Nf6 4. e5 Nfd7 5. f4 c5 6. Nf3 Nc6 7. Ne2 f6 8. c3 Be7
9. Be3 O-O 10. g3 fxe5 11. dxe5 Nb6 12. Bf2 Bd7 13. h4 d4 14. Bh3 Nd5 15. cxd4
c4 16. O-O b5 17. a3 a5 18. Nc3 b4 19. Ne4 h6 20. Nfd2 Qe8 21. Kh2 Qg6 22. h5
Qh7 23. Qe2 c3 24. bxc3 bxc3 25. Nb1 Rxf4 26. gxf4 Nxf4 27. Qf3 Nxh3 28. Kxh3
Rf8 29. Qg4 Bg5 30. Nbxc3 Rf4 31. Qg2 Qf5+ 32. Kh2 Nxe5 33. dxe5 Qxe5 34. Bg3
Rh4+ 35. Kg1 Qd4+ 36. Bf2 Be3 37. Rad1 1-0

[Event "Ch-Paris Int"]
[Site "Coubertin FRA"]
[Date "2009.07.11"]
[Round "8"]
[White "Skripchenko, A."]
[Black "Tugui, A."]
[Result "1-0"]
[WhiteElo "2450"]
[BlackElo "2364"]
[PlyCount "85"]
[EventDate "2009.07.04"]
[EventType "swiss"]
[EventRounds "9"]
[EventCountry "FRA"]
[Source "Mark Crowther"]
[SourceDate "2009.07.13"]

1. e4 c5 2. Nf3 a6 3. c3 d5 4. exd5 Qxd5 5. d4 e6 6. Be2 Nf6 7. O-O cxd4 8.
cxd4 Nc6 9. Nc3 Qd6 10. Bg5 Be7 11. Qd2 O-O 12. Rfd1 Nd5 13. Ne4 Qd8 14. Rac1
Bxg5 15. Nexg5 Bd7 16. Bc4 Nce7 17. Ne5 f6 18. Nxd7 Qxd7 19. Ne4 b6 20. Qe2 Nf4
21. Qf3 Ned5 22. g3 Ng6 23. h4 Kh8 24. h5 Nge7 25. Qe2 a5 26. Bb5 Qd8 27. Nd2
Rc8 28. Nc4 Nc7 29. Nxb6 Rb8 30. Rxc7 Qxc7 31. Nd7 Rfd8 32. Nxb8 Rxb8 33. Bc4
Nd5 34. Re1 h6 35. Bd3 Rb6 36. Qg4 f5 37. Qf3 Nf6 38. d5 Nxd5 39. Bxf5 Qf7 40.
Be4 Qxf3 41. Bxf3 Kg8 42. Rxe6 Kh8 43. Re1 1-0

[Event "Ch-Paris Int"]
[Site "Coubertin FRA"]
[Date "2009.07.11"]
[Round "8"]
[White "Nesterovsky, A."]
[Black "Sethuraman, S."]
[Result "1/2-1/2"]
[WhiteElo "2271"]
[BlackElo "2455"]
[PlyCount "290"]
[EventDate "2009.07.04"]
[EventType "swiss"]
[EventRounds "9"]
[EventCountry "FRA"]
[Source "Mark Crowther"]
[SourceDate "2009.07.13"]

1. e4 e5 2. Nf3 Nc6 3. Bb5 a6 4. Ba4 Nf6 5. O-O b5 6. Bb3 Bb7 7. d4 Nxd4 8.
Nxd4 exd4 9. e5 Ne4 10. c3 d3 11. Qf3 Qe7 12. Nd2 Nc5 13. Bd5 Bxd5 14. Qxd5 c6
15. Qd4 Qe6 16. b4 Na4 17. Qxd3 Be7 18. f4 O-O 19. Ne4 f5 20. Ng3 d6 21. Be3
Rad8 22. exd6 Bxd6 23. Bd4 c5 24. Rae1 Qc8 25. bxc5 Bxc5 26. Qe3 Bxd4 27. cxd4
Nc3 28. Rc1 b4 29. a3 Rfe8 30. Qd3 a5 31. axb4 axb4 32. Rf2 Qe6 33. Rb2 Rc8 34.
Rf1 Nd5 35. Re2 Qf7 36. Rxe8+ Qxe8 37. Nxf5 Rc3 38. Qa6 Qd7 39. Nd6 Qc6 40. Re1
h6 41. Re8+ Kh7 42. Qxc6 Rxc6 43. Ne4 Rc2 44. Rb8 Nxf4 45. g3 Nd3 46. Nc5 Ne1
47. Rxb4 Nf3+ 48. Kf1 Nxh2+ 49. Ke1 Nf3+ 50. Kf1 Kg6 51. Ne4 Kf5 52. d5 Nd2+
53. Nxd2 Rxd2 54. Rf4+ Kg5 55. Kg1 g6 56. Ra4 h5 57. Rb4 Rxd5 58. Kg2 Rd2+ 59.
Kf3 Kf5 60. Rb5+ Kf6 61. Rb6+ Kg7 62. Rb7+ Kh6 63. Rb6 Rd3+ 64. Kf4 Rd5 65. Kf3
Rd3+ 66. Kf4 Ra3 67. Rc6 Ra2 68. Kf3 Ra5 69. Rb6 Kg5 70. Rb4 Ra3+ 71. Kg2 Ra6
72. Rb5+ Kf6 73. Kf3 g5 74. Rc5 Ra3+ 75. Kf2 Ra2+ 76. Kf1 Rd2 77. Ra5 Rd6 78.
Kf2 Re6 79. Kf3 Re5 80. Ra8 Re7 81. Ra6+ Kf5 82. Ra5+ Re5 83. Ra4 Rb5 84. Kf2
Rb2+ 85. Kf3 g4+ 86. Ke3 Rb5 87. Kf2 Kg5 88. Ra8 Kf5 89. Ra4 Ke5 90. Ke3 Rb3+
91. Kf2 Rf3+ 92. Kg2 Rd3 93. Ra5+ Rd5 94. Ra4 Rd4 95. Ra2 Ke4 96. Re2+ Kd5 97.
Kf2 Kc4 98. Rc2+ Kd5 99. Re2 Rd3 100. Ra2 Ke4 101. Re2+ Kd4 102. Ra2 Rf3+ 103.
Kg2 Rc3 104. Re2 Rc5 105. Kf2 Rf5+ 106. Kg2 Rd5 107. Kf2 Rf5+ 108. Kg2 Kc3 109.
Re8 Kd3 110. Rd8+ Ke4 111. Rd2 Ke3 112. Ra2 Rd5 113. Ra3+ Rd3 114. Ra5 Rd2+
115. Kg1 Kf3 116. Ra3+ Ke4 117. Ra4+ Rd4 118. Ra5 Rd5 119. Ra4+ Ke3 120. Kg2
Rd2+ 121. Kg1 Rd3 122. Kg2 Rd2+ 123. Kg1 Rd5 124. Kg2 Rc5 125. Ra3+ Kd2 126.
Ra2+ Kd3 127. Ra3+ Rc3 128. Ra5 Rc2+ 129. Kg1 Ke2 130. Kg2 Ke3+ 131. Kg1 Rd2
132. Rb5 Re2 133. Kf1 Rc2 134. Kg1 h4 135. Rb3+ Ke4 136. gxh4 Kf4 137. Ra3 Rb2
138. h5 Rb6 139. h6 Rxh6 140. Kg2 Re6 141. Ra4+ Kg5 142. Ra8 Re2+ 143. Kg3 Re3+
144. Kg2 Re5 145. Kg3 Re3+ 1/2-1/2

[Event "Ch-Paris Int"]
[Site "Coubertin FRA"]
[Date "2009.07.11"]
[Round "8"]
[White "Bernard, Ch"]
[Black "Bergez, L."]
[Result "0-1"]
[WhiteElo "2361"]
[BlackElo "2371"]
[PlyCount "84"]
[EventDate "2009.07.04"]
[EventType "swiss"]
[EventRounds "9"]
[EventCountry "FRA"]
[Source "Mark Crowther"]
[SourceDate "2009.07.13"]

1. d4 Nf6 2. Nf3 g6 3. c4 Bg7 4. Nc3 O-O 5. e4 d6 6. Be2 e5 7. O-O Nc6 8. d5
Ne7 9. Nd2 a5 10. a3 Bd7 11. b3 Ne8 12. Rb1 c5 13. dxc6 bxc6 14. b4 axb4 15.
axb4 Rc8 16. b5 cxb5 17. Nxb5 Ra8 18. Qb3 Bc6 19. Rd1 Bh6 20. Bf3 Nc7 21. Qd3
Ne6 22. Nb3 Bxc1 23. Nxc1 Ra6 24. Nb3 Qa8 25. Qe3 Rb8 26. Nxd6 Ra3 27. Nb5 Bxb5
28. cxb5 Rxb5 29. Bg4 Nd4 30. Qg5 Raxb3 31. Rxb3 Rxb3 32. Qxe7 Qxe4 33. h3 h5
34. Bd7 Kg7 35. Be8 Rb7 36. Qd6 Rb2 37. Qe7 Qf4 38. Kh1 Rxf2 39. Bxf7 Nf5 40.
Qe6 Ng3+ 41. Kg1 Ne2+ 42. Kh1 Rf1+ 0-1

[Event "Ch-Paris Int"]
[Site "Coubertin FRA"]
[Date "2009.07.11"]
[Round "8"]
[White "Brochet, P."]
[Black "Moussard, J."]
[Result "0-1"]
[WhiteElo "2373"]
[BlackElo "2292"]
[PlyCount "142"]
[EventDate "2009.07.04"]
[EventType "swiss"]
[EventRounds "9"]
[EventCountry "FRA"]
[Source "Mark Crowther"]
[SourceDate "2009.07.13"]

1. e4 c5 2. Ne2 d6 3. g3 Nc6 4. Bg2 g6 5. c3 Bg7 6. d4 cxd4 7. cxd4 Bg4 8. f3
Bd7 9. Nbc3 a6 10. O-O b5 11. f4 b4 12. Nd5 Rc8 13. h3 e6 14. Ne3 Na5 15. Bd2
Qb6 16. Kh2 Bb5 17. e5 d5 18. Bxb4 Bxe2 19. Bxa5 Qxb2 20. Rf2 Qa3 21. Qd2 Bb5
22. Bb4 Qa4 23. Nd1 Bf8 24. Bxf8 Kxf8 25. Nc3 Qa5 26. Nxb5 Qxb5 27. a4 Qc6 28.
Ra2 Ne7 29. Qb4 Qc4 30. Qd6 Qc6 31. Rab2 Qxd6 32. exd6 Nf5 33. Rb6 Kg7 34. Rxa6
Ra8 35. Rxa8 Rxa8 36. d7 Rd8 37. a5 Nxd4 38. a6 Rxd7 39. Rb2 Nc6 40. Rb6 Na7
41. Kg1 Kf6 42. Kf2 Rc7 43. Bf1 Ke7 44. Ke3 Nc8 45. Rb7 Kd6 46. h4 Na7 47. g4
h6 48. Rb8 Rc3+ 49. Bd3 Nc6 50. Rb7 e5 51. Kd2 Ra3 52. fxe5+ Nxe5 53. Be2 d4
54. a7 d3 55. a8=Q Rxa8 56. Bxd3 Rd8 57. Bb5 Nxg4 58. Ke2 Ne5 59. Ba4 Ke6 60.
Bb3+ Kf6 61. Ke3 Rd7 62. Rxd7 Nxd7 63. Ba4 Nc5 64. Bb5 Nb7 65. Kf4 Nd6 66. Bd3
Nf5 67. h5 g5+ 68. Kg4 Ng7 69. Bc4 Ne6 70. Bd3 Ke5 71. Bh7 Ng7 0-1

[Event "Ch-Paris Int"]
[Site "Coubertin FRA"]
[Date "2009.07.11"]
[Round "8"]
[White "Sriram, J."]
[Black "Satyapragyan, S."]
[Result "1/2-1/2"]
[WhiteElo "2459"]
[BlackElo "2423"]
[PlyCount "58"]
[EventDate "2009.07.04"]
[EventType "swiss"]
[EventRounds "9"]
[EventCountry "FRA"]
[Source "Mark Crowther"]
[SourceDate "2009.07.13"]

1. d4 Nf6 2. c4 e6 3. Nf3 Bb4+ 4. Bd2 c5 5. Bxb4 cxb4 6. g3 O-O 7. Bg2 d6 8.
O-O Re8 9. a3 Nc6 10. Nbd2 a5 11. e4 bxa3 12. Rxa3 e5 13. d5 Nb4 14. Ne1 Bg4
15. f3 Bd7 16. Kh1 Qb6 17. Nc2 Na6 18. Qa1 a4 19. b4 axb3 20. Rxb3 Qc7 21. Ra3
Rad8 22. Rb1 Bc8 23. Qb2 Qe7 24. Ne3 g6 25. Nb3 Nh5 26. Qc2 Rf8 27. Na5 Nc5 28.
Nb3 Na6 29. Na5 Nc5 1/2-1/2

[Event "Ch-Paris Int"]
[Site "Coubertin FRA"]
[Date "2009.07.11"]
[Round "8"]
[White "Karavade, E."]
[Black "Vernay, C."]
[Result "1/2-1/2"]
[WhiteElo "2386"]
[BlackElo "2463"]
[PlyCount "24"]
[EventDate "2009.07.04"]
[EventType "swiss"]
[EventRounds "9"]
[EventCountry "FRA"]
[Source "Mark Crowther"]
[SourceDate "2009.07.13"]

1. d4 d5 2. c4 c6 3. Nf3 Nf6 4. e3 Bf5 5. Nc3 e6 6. Nh4 Be4 7. f3 Bg6 8. Qb3
Qc7 9. Bd2 Nbd7 10. O-O-O Bd6 11. Nxg6 hxg6 12. h3 Nh5 1/2-1/2

[Event "Ch-Paris Int"]
[Site "Coubertin FRA"]
[Date "2009.07.11"]
[Round "8"]
[White "Shirazi, K."]
[Black "Zherebukh, Y."]
[Result "1-0"]
[WhiteElo "2384"]
[BlackElo "2541"]
[PlyCount "79"]
[EventDate "2009.07.04"]
[EventType "swiss"]
[EventRounds "9"]
[EventCountry "FRA"]
[Source "Mark Crowther"]
[SourceDate "2009.07.13"]

1. Nf3 g6 2. e4 Bg7 3. d4 d6 4. Bc4 Nf6 5. e5 dxe5 6. Nxe5 O-O 7. O-O Ne8 8. c3
Nd6 9. Bb3 Na6 10. Re1 c5 11. Bg5 Bf6 12. h4 Nf5 13. Bxf6 exf6 14. Nf3 Bd7 15.
Nbd2 cxd4 16. cxd4 Kg7 17. Ne4 Qb6 18. Qd2 Rad8 19. Rac1 Qb4 20. Qf4 h5 21.
Nxf6 Qd6 22. Qxd6 Nxd6 23. Nxd7 Rxd7 24. g3 Nf5 25. Kg2 Kf6 26. Bc4 Nb8 27. Ng5
Rfd8 28. Bb5 Rxd4 29. Rc7 Nd6 30. Re3 Rd5 31. Bc4 Na6 32. Bxa6 bxa6 33. Rxa7
Rd2 34. Rxa6 Kg7 35. Ra7 Kg8 36. b3 Rc8 37. Ne4 Nxe4 38. Rxe4 Rcc2 39. Rf4 f5
40. a4 1-0

[Event "Ch-Paris Int"]
[Site "Coubertin FRA"]
[Date "2009.07.11"]
[Round "8"]
[White "Deepan, C."]
[Black "Aranovitch, E."]
[Result "1-0"]
[WhiteElo "2506"]
[BlackElo "2356"]
[PlyCount "107"]
[EventDate "2009.07.04"]
[EventType "swiss"]
[EventRounds "9"]
[EventCountry "FRA"]
[Source "Mark Crowther"]
[SourceDate "2009.07.13"]

1. e4 c5 2. Nf3 d6 3. d4 cxd4 4. Nxd4 Nf6 5. Nc3 Nc6 6. Bg5 e6 7. Qd2 Be7 8.
O-O-O Nxd4 9. Qxd4 O-O 10. f4 Qa5 11. Bc4 Bd7 12. e5 dxe5 13. fxe5 Bc6 14. Bd2
Nd7 15. Nd5 Qc5 16. Nxe7+ Qxe7 17. Rhe1 Nb6 18. Bf1 Rfd8 19. Qg4 Qc5 20. Qb4
Qxb4 21. Bxb4 Rxd1+ 22. Rxd1 f6 23. exf6 Nd5 24. f7+ Kxf7 25. Bd2 Rd8 26. c4
Nf6 27. Be3 Rc8 28. b3 a6 29. Kb2 b5 30. Rc1 bxc4 31. Bxc4 Bb7 32. a4 Nd5 33.
Bd4 h6 34. g3 Nf6 35. Rf1 Rd8 36. Bc3 Rd6 37. a5 Bd5 38. Be2 Bg2 39. Rf4 Kg6
40. Bb4 Rc6 41. Rc4 Rxc4 42. Bxc4 Bb7 43. Bxe6 Nd5 44. Bd2 Kf6 45. Bh3 g5 46.
Kc2 h5 47. Kd3 g4 48. Bf1 Ke5 49. Kc4 Kd6 50. Kd4 Nf6 51. Bf4+ Ke6 52. Bc4+ Kf5
53. Bd3+ Ke6 54. b4 1-0